MDQL
is popping MORE tags! Check the
thread
!
Quizzes
Events
Quiz Creation
Community
Videos
Private Events
Remove Ads
Sign In
Join for FREE
Feedback
Dark Mode
Quiz Categories
Sports
Geography
Music
Movies
Television
Just For Fun
Miscellaneous
History
Literature
Language
Science
Gaming
Entertainment
Religion
Holiday
For Kids
Quiz Lab
Recent
Popular Today
Quiz Kudos Today
Editor Picks
Curator Picks
Quizzes by...
Day
Popularity
Type
Ratings
Length
Year
Community
Subscriptions
Recent Discussions
Orange Saloon
Badges
Playlists
Quests
Create
Leaderboards
Showdown
Live 5
Trivia Bingo
Activity
Puzzle Library
Sporcle Events
Private Events
Virtual Trivia
Globe League
Become a Host
Pub Owners
SporcleCon
Opinionation
Our Games
Videos
Blog
Mobile Apps
Partnerships
Remove Ads and Go Orange
Feedback
Sports
Athletes
MLB
NBA
NHL
NFL
Soccer
Sports Teams
WWE
NCAA
Football
Premier League
Basketball
Baseball
Hockey
Golf
Tennis
Cricket
Rugby
Auto Racing
Olympics
World Cup
Sports
Athletes
MLB
NBA
NHL
NFL
Soccer
Sports Teams
WWE
NCAA
Football
Premier League
Basketball
Baseball
Hockey
Golf
Tennis
Cricket
Rugby
Auto Racing
Olympics
World Cup
Random Quiz
Search Sporcle
×
Quiz Lab
Quiz Lab
Sports
Show
Type in answers that appear in a list
Type in answers that appear in a list
Classic
Best Score? Go Orange.
TNA PPV Match Winners (2007) Stats
Can you name the wrestlers who won TNA pay-per-view matches in 2007?
By
dudemanbearpig
15m
147 Questions
280 Plays
280 Plays
280 Plays
Comments
Comments
Give Quiz Kudos
Give Quiz Kudos
-
- Ratings
hide this ad
Replay
Link that replays current quiz
Next Quiz
Link to next quiz in quiz playlist
You Got
0%
They Got
Avg Score
82%
Avg Friend Score
Upgrade to see
Score Distribution
Jump to the score distribution portion of the page
Score
0/147
Timer
15:00
0
Plays Today
Show
Wrestler
% Correct
Final Resolution
Kurt Angle
98.2%
Destination X
Kurt Angle
98.2%
Lockdown
Kurt Angle
98.2%
Sacrifice
Kurt Angle
98.2%
Slammiversary
Kurt Angle
98.2%
Victory Road
Kurt Angle
98.2%
Hard Justice
Kurt Angle
98.2%
No Surrender
Kurt Angle
98.2%
Genesis
Kurt Angle
98.2%
Lockdown
Samoa Joe
97.5%
Sacrifice
Samoa Joe
97.5%
Victory Road
Samoa Joe
97.5%
Bound for Glory
Samoa Joe
97.5%
Genesis
Samoa Joe
97.5%
Turning Point
Samoa Joe
97.5%
Against All Odds
Sting
96.1%
Destination X
Sting
96.1%
Lockdown
Sting
96.1%
Slammiversary
Sting
96.1%
Victory Road
Sting
96.1%
Hard Justice
Sting
96.1%
Bound for Glory
Sting
96.1%
Against All Odds
AJ Styles
95.4%
No Surrender
AJ Styles
95.4%
Bound for Glory
AJ Styles
95.4%
Genesis
AJ Styles
95.4%
Final Resolution
Christian Cage
94.3%
Against All Odds
Christian Cage
94.3%
Destination X
Christian Cage
94.3%
Lockdown
Robert Roode
94.3%
Sacrifice
Robert Roode
94.3%
Victory Road
Christian Cage
94.3%
Hard Justice
Robert Roode
94.3%
No Surrender
Robert Roode
94.3%
No Surrender
Christian Cage
94.3%
Final Resolution
James Storm
93.6%
Against All Odds
James Storm
93.6%
Destination X
James Storm
93.6%
Lockdown
James Storm
93.6%
Slammiversary
Abyss
93.6%
Victory Road
James Storm
93.6%
Victory Road
Abyss
93.6%
Hard Justice
James Storm
93.6%
Hard Justice
Abyss
93.6%
Bound for Glory
Abyss
93.6%
Genesis
Abyss
93.6%
Turning Point
Abyss
93.6%
Lockdown
Brother Ray
91.8%
Lockdown
Brother Devon
91.8%
Show
Wrestler
% Correct
Sacrifice
Brother Ray
91.8%
Sacrifice
Brother Devon
91.8%
Slammiversary
Brother Ray
91.8%
Slammiversary
Brother Devon
91.8%
Turning Point
Brother Ray
91.8%
Turning Point
Brother Devon
91.8%
Lockdown
Christopher Daniels
90.7%
Sacrifice
Christopher Daniels
90.7%
Victory Road
Christopher Daniels
90.7%
Lockdown
Jeff Jarrett
90.4%
Genesis
Kevin Nash
88.9%
Turning Point
Kevin Nash
88.9%
Slammiversary
Eric Young
87.9%
Victory Road
Eric Young
87.9%
Bound for Glory
Eric Young
87.9%
Turning Point
Eric Young
87.9%
Turning Point
Eric Young
87.9%
Hard Justice
Scott Steiner
87.1%
Bound for Glory
Scott Steiner
87.1%
Turning Point
Scott Steiner
87.1%
Final Resolution
Chris Sabin
85.7%
Against All Odds
Chris Sabin
85.7%
Destination X
Chris Sabin
85.7%
Lockdown
Chris Sabin
85.7%
Sacrifice
Chris Sabin
85.7%
Victory Road
Chris Sabin
85.7%
Hard Justice
Rick Steiner
85.7%
Bound for Glory
Rick Steiner
85.7%
Genesis
Chris Sabin
85.7%
Turning Point
Angelina Love
85%
Final Resolution
Alex Shelley
83.6%
Victory Road
Alex Shelley
83.6%
Genesis
Alex Shelley
83.6%
Final Resolution
Homicide
83.2%
Final Resolution
Hernandez
83.2%
Against All Odds
Homicide
83.2%
Against All Odds
Hernandez
83.2%
Destination X
Homicide
83.2%
Destination X
Hernandez
83.2%
Lockdown
Gail Kim
83.2%
Sacrifice
Chris Harris
83.2%
Victory Road
Gail Kim
83.2%
Hard Justice
Homicide
83.2%
Hard Justice
Hernandez
83.2%
Hard Justice
Chris Harris
83.2%
No Surrender
Chris Harris
83.2%
Bound for Glory
Homicide
83.2%
Bound for Glory
Hernandez
83.2%
Bound for Glory
Gail Kim
83.2%
Show
Wrestler
% Correct
Genesis
Gail Kim
83.2%
Turning Point
Gail Kim
83.2%
Turning Point
Booker T
82.9%
Final Resolution
Rhino
82.5%
Destination X
Rhino
82.5%
Lockdown
Rhino
82.5%
Slammiversary
Rhino
82.5%
No Surrender
Rhino
82.5%
Slammiversary
Jay Lethal
82.1%
Hard Justice
Jay Lethal
82.1%
No Surrender
Jay Lethal
82.1%
Bound for Glory
Jay Lethal
82.1%
Genesis
Jay Lethal
82.1%
Hard Justice
Kaz
78.6%
Genesis
Kaz
78.6%
Turning Point
Kaz
78.6%
Destination X
BG James
75.4%
Destination X
Kip James
75.4%
Slammiversary
BG James
75.4%
Slammiversary
Kip James
75.4%
Victory Road
BG James
75.4%
Victory Road
Kip James
75.4%
Turning Point
Velvet Sky
75.4%
Turning Point
BG James
75.4%
No Surrender
Tomko
74.3%
Bound for Glory
Tomko
74.3%
Genesis
Tomko
74.3%
Turning Point
Petey Williams
73.2%
Turning Point
Raven
71.4%
No Surrender
Ron Killings
71.1%
Hard Justice
Sonjay Dutt
65.4%
Against All Odds
Senshi
60%
Destination X
Senshi
60%
Lockdown
Senshi
60%
Slammiversary
Senshi
60%
Turning Point
Senshi
60%
No Surrender
Adam Jones
55%
Sacrifice
Jerry Lynn
52.1%
Slammiversary
Jerry Lynn
52.1%
Against All Odds
Jacqueline
49.6%
Destination X
Jacqueline
49.6%
Turning Point
Johnny Devine
48.6%
Against All Odds
Lance Hoyt
45%
Hard Justice
Andrew Martin
42.5%
Against All Odds
Christy Hemme
42.1%
Slammiversary
Bob Backlund
35%
Sacrifice
Basham
31.8%
Sacrifice
The Damaja
31.8%
Slammiversary
Frank Wycheck
29.3%
Quiz Playlist
Details
Report
Send in Message
Add To Playlist
Classic:
Type in answers that appear in a list
Last Updated: Feb 16, 2017
Quiz Scoreboard
CHALLENGE
Sign Up to Join the Scoreboard
Show All
Scores
Hide
Comments
May contain spoilers
Recently Published
Find the 'City' Movie
by crazypaving
Movies
60s
5x2 Blitz: Bands
by SL_Kpop136
Music
30s
Colored Red Africa Blitz
by spor1
Geography
30s
More to Explore
Quiz From the Vault
Featured Blog Post
14 Easter Pick-up Lines to Find Eggs With
hide this ad
You Might Also Like...
Tags
Show Quiz
2007
Matching
Pay-per-view
PPV
tna
Winner
Won
Wrestlers
Today's Top Quizzes in Sports
Browse Sports
hide this ad
Today's Top Quizzes in Show
Browse Show
Top Contributed Quizzes in Sports
1
Players with Multiple 50 Home Run Seasons
2
Les entraîneurs de l'OM et du PSG au 21e siècle
3
Criteria MLB: Left Handed Sluggers
4
2022 World Cup Stars
5
Les meilleurs buteurs des matchs entre le PSG et l’OM
6
Who Hit More Homers?
7
Les joueurs passés par le PSG et l'OM
8
NBA Logic Puzzle 2.0
9
Top 10 NHL Goal Scorers of All Time
10
MLB Players with Two .350 Batting Average Seasons
Explore More
Trending Topics
Marvel
NBA
Anime
Crossword
Kpop
Harry Potter
Disney
Pokémon
Puzzle
NFL
WWE
Country
Soccer
Song
The Office
hide this ad
More By:
dudemanbearpig
Quiz
Plays
Rating
Category
Featured
Created
WWE Royal Rumble Final Four
309,114
4.45
Sports
Dec 1, 2009
Top 50 Females in Harry Potter
137,459
4.67
Literature
May 10, 2012
Top 25 Non-Humans in Harry Potter
68,939
4.83
Literature
Apr 30, 2012
WrestleMania: 5+ in a Row
63,541
4.54
Sports
Apr 3, 2012
Black WWE PPV Competitors
14,900
4.34
Sports
Nov 6, 2011
Go to Creator's Profile
Score Distribution
Quiz Creator Spotlight
dudemanbearpig
Follow
Send a Message
Quizzes Created
-
Created Quiz Play Count
-
More By This Creator
Popular Quizzes Today
1
Colored Red Africa Blitz
2
Find the US States - No Outlines Minefield
3
Find the 'City' Movie
4
5x2 Blitz: Bands
5
The Countries of the World
6
Find the US States
7
US States
8
9x9 Crossword: Cartoon Network
More Sports Quizzes
Scotland footballers of the 1970s
Quiz Lab
Trending Quizzes
Colored Red Europe Blitz I
Colored Red Europe Blitz II
Colored Red Africa Blitz II
Colored Red Africa Blitz III
Colored Red Europe Blitz III
Recently Updated
Godzilla Movies
pecheneg
Grab Bag: 4-10 Letters
pecheneg
2024 March Madness Bracket
pecheneg
Famous TV Couples
Peacemaker
Champions League XIs: Real Madrid
pecheneg
Largest US Cities 1790-2010
pecheneg
Rides in Walt Disney World
pecheneg
Most Oscar Losses (Acting)
pecheneg
Beyoncé Albums
pecheneg
Leaping Animals
pecheneg
Trending Topics
Marvel
NBA
Disney
Kpop
Crossword
Harry Potter
Anime
WWE
Puzzle
Soccer
NFL
The Office
Song
Country
Pokémon
Your Account Isn't Verified!
In order to create a playlist on Sporcle, you need to verify the email address you used during registration. Go to your
Sporcle Settings
to finish the process.
Report this User
Report this user for behavior that violates our
Community Guidelines
.
Details:
Send Report
Go to the Sporcle.com Mobile Site →
Comments